[Event "ESP-chT Rapid"]
[Site "Toledo"]
[Date "2022.09.25"]
[Round "8"]
[White "Lopez Quevedo, Eduardo"]
[Black "Arias Igual, Alejandro"]
[Result "0-1"]
[WhiteElo "2197"]
[BlackElo "2279"]
[PlyCount "70"]
[EventDate "2022.09.24"]
[EventType "team-swiss (rapid)"]
[EventRounds "9"]
[EventCountry "ESP"]
[SourceTitle "CBM 210 Extra"]
[Source "ChessBase"]
[SourceDate "2022.11.30"]
[SourceVersion "1"]
[SourceVersionDate "2022.11.30"]
[SourceQuality "1"]
[WhiteTeam "Tomelloso"]
[BlackTeam "Enric Valor CC"]
[WhiteTeamCountry "ESP"]
[BlackTeamCountry "ESP"]

1. Nf3 d5 2. d4 e6 3. Bf4 Nf6 4. e3 Bd6 5. Bg3 0-0 6. Bd3 c5 7. c3 Qc7 8. Ne5 Nc6 9. f4 b6 10. Nd2 Bb7 11. Bh4 Be7 12. Bxf6 Bxf6 13. 0-0 g6 14. g4 Bg7 15. Nxc6 Bxc6 16. g5 b5 17. Nf3 b4 18. Ne5 Rab8 19. Rf2 Bb5 20. Bxb5 Rxb5 21. Rc1 c4 22. cxb4 Rxb4 23. b3 Bxe5 24. fxe5 Qe7 25. Rf6 cxb3 26. axb3 Rfb8 27. Rc3 Qb7 28. Qf1 Rxb3 29. Rc1 Rxe3 30. Qf2 Rb3 31. Rf1 Rb1 32. h4 Rxf1+ 33. Qxf1 Qb2 34. Rxf7 Qxd4+ 35. Rf2 Rf8 0-1

[Event "ESP-chT CECLUB Div2"]
[Site "Linares"]
[Date "2022.08.25"]
[Round "5.7"]
[White "Robledo Sanchez, Carlos"]
[Black "Lopez Quevedo, Eduardo"]
[Result "0-1"]
[WhiteElo "2062"]
[BlackElo "2167"]
[PlyCount "46"]
[EventDate "2022.08.22"]
[EventType "team-swiss"]
[EventRounds "7"]
[EventCountry "ESP"]
[SourceTitle "CBM 209 Extra"]
[Source "ChessBase"]
[SourceDate "2022.09.30"]
[SourceVersion "1"]
[SourceVersionDate "2022.09.30"]
[SourceQuality "1"]
[WhiteTeam "Enric Valor CC"]
[BlackTeam "Tomelloso"]
[WhiteTeamCountry "ESP"]
[BlackTeamCountry "ESP"]

1. e4 c5 2. Nf3 Nc6 3. d4 cxd4 4. Nxd4 e5 5. Nb5 d6 6. N1c3 a6 7. Na3 b5 8. Nd5 Nce7 9. c4 Nxd5 10. cxd5 Nf6 11. Bd3 Be7 12. 0-0 0-0 13. Be3 Ng4 14. Bd2 Bg5 15. Rc1 Bxd2 16. Qxd2 f5 17. exf5 Bxf5 18. h3 Nh6 19. Nc2 Qh4 20. Ne3 Bxh3 21. Rc6 Ng4 22. Qe2 Bxg2 23. Qxg4 Qh1# 0-1

[Event "Guimaraes op 3rd"]
[Site "Guimaraes"]
[Date "2019.08.31"]
[Round "6"]
[White "Furtado, Dinis"]
[Black "Lopez Quevedo, Eduardo"]
[Result "0-1"]
[WhiteElo "1775"]
[BlackElo "2188"]
[PlyCount "114"]
[EventDate "2019.08.28"]
[EventType "swiss"]
[EventRounds "7"]
[EventCountry "POR"]
[SourceTitle "EXT 2020"]
[Source "ChessBase"]
[SourceDate "2019.10.17"]
[SourceVersion "1"]
[SourceVersionDate "2019.10.17"]
[SourceQuality "1"]

1. Nf3 g6 2. g3 Bg7 3. Bg2 e5 4. d3 d5 5. 0-0 Ne7 6. e4 0-0 7. Nbd2 c5 8. Re1 Nbc6 9. c3 h6 10. Nf1 Be6 11. Qc2 Rc8 12. Qe2 Qd7 13. Bd2 b5 14. Rad1 d4 15. b3 dxc3 16. Bxc3 Rfd8 17. Ne3 f6 18. Rd2 Nd4 19. Qd1 h5 20. Ba5 Re8 21. Bc3 Bh6 22. Kh1 Rc6 23. Rf1 b4 24. Ba1 Bg4 25. Nxg4 hxg4 26. Nxd4 cxd4 27. Rc2 Rec8 28. Rc4 Rxc4 29. bxc4 Rc5 30. f4 Ra5 31. fxe5 fxe5 32. Qe2 Be3 33. Rf6 Kg7 34. Rf1 Ra3 35. Bf3 Ng8 36. Bxg4 Qe7 37. h4 Nf6 38. h5 Nxh5 39. Bxh5 gxh5 40. Qxh5 Ra6 41. Qg4+ Rg6 42. Qf3 Bf4 43. Rf2 Bxg3 44. Rg2 Qh4+ 45. Kg1 Qg5 46. Bb2 a5 47. c5 a4 48. a3 bxa3 49. Bxa3 Qf4 50. Qxf4 exf4 51. Kf1 f3 52. Rc2 Bf4 53. Bc1 Be3 54. Bxe3 dxe3 55. Rc1 Rg2 56. c6 e2+ 57. Ke1 Rg1+ 0-1

[Event "ESP-chT CECLUB Div2"]
[Site "Padron"]
[Date "2015.08.04"]
[Round "1.2"]
[White "Longa Yauca, Javier"]
[Black "Lopez Quevedo, Eduardo"]
[Result "1-0"]
[WhiteElo "2255"]
[BlackElo "2108"]
[PlyCount "65"]
[EventDate "2015.08.04"]
[EventType "team"]
[EventRounds "6"]
[EventCountry "ESP"]
[SourceTitle "EXT 2016"]
[Source "ChessBase"]
[SourceDate "2015.10.08"]
[SourceVersion "1"]
[SourceVersionDate "2015.10.08"]
[SourceQuality "1"]
[WhiteTeam "Villalba 64"]
[BlackTeam "Tomelloso"]
[WhiteTeamCountry "ESP"]
[BlackTeamCountry "ESP"]

1. d4 d6 2. Nf3 Bg4 3. c4 Bxf3 4. exf3 g6 5. Qb3 Qc8 6. Nc3 Bg7 7. Be3 Nh6 8. g4 c6 9. 0-0-0 Nd7 10. h4 Qc7 11. Qa4 a6 12. Be2 b5 13. cxb5 Nb6 14. Qb4 axb5 15. Kb1 e6 16. Rc1 Qe7 17. Ne4 0-0 18. Rxc6 Qa7 19. a3 Nd5 20. Qxd6 b4 21. Ra6 Qb7 22. Nc5 Rxa6 23. Bxa6 Qa7 24. h5 Nxe3 25. fxe3 Rb8 26. hxg6 hxg6 27. a4 Qa8 28. Bc4 Nxg4 29. Nxe6 Re8 30. Nxg7 Kxg7 31. Qf4 Qb7 32. Qxg4 Rxe3 33. Qh4 1-0

[Event "La Roda op 42nd"]
[Site "La Roda"]
[Date "2015.04.02"]
[Round "2"]
[White "Lopez Quevedo, Eduardo"]
[Black "Adla, Diego Gustavo"]
[Result "0-1"]
[WhiteElo "2140"]
[BlackElo "2451"]
[PlyCount "102"]
[EventDate "2015.04.01"]
[EventType "swiss"]
[EventRounds "9"]
[EventCountry "ESP"]
[SourceTitle "CBM 165 Extra"]
[Source "ChessBase"]
[SourceDate "2015.04.21"]
[SourceVersion "1"]
[SourceVersionDate "2015.04.21"]
[SourceQuality "1"]

1. e4 e6 2. Nf3 d5 3. Nc3 Nf6 4. e5 Nfd7 5. d4 c5 6. dxc5 Nc6 7. Bf4 Nxc5 8. Bd3 Be7 9. Bg3 Qb6 10. 0-0 Bd7 11. a3 g5 12. Re1 g4 13. Nd2 Nxd3 14. cxd3 Qxb2 15. Ne2 h5 16. Rb1 Qxa3 17. Rb3 Qa6 18. Qb1 b6 19. d4 Rc8 20. Bf4 Na5 21. Rg3 Qb5 22. Qa2 Qa4 23. Qxa4 Bxa4 24. h3 Rg8 25. hxg4 hxg4 26. Ra1 Bb5 27. Nc3 Bd7 28. Nd1 Bh4 29. Rga3 f5 30. exf6 Bxf6 31. Be5 Bxe5 32. dxe5 Nc6 33. f4 Nd4 34. Rxa7 Ne2+ 35. Kf2 Nxf4 36. Kg3 Ne2+ 37. Kf2 Nd4 38. Ra8 g3+ 39. Kg1 Ke7 40. R8a7 Rc2 41. R1a2 Rc1 42. Ra1 Rf8 43. Nf3 Nxf3+ 44. gxf3 Rxa1 45. Rxa1 Rxf3 46. Rb1 b5 47. Kg2 Rd3 48. Kf1 d4 49. Ke2 Ra3 50. Rb4 Bc6 51. Rxd4 Bf3+ 0-1

[Event "Benidorm op U2300 12th"]
[Site "Benidorm"]
[Date "2013.12.02"]
[Round "5"]
[White "Ridameya Tatche, Jose Miguel"]
[Black "Lopez Quevedo, Eduardo"]
[Result "0-1"]
[WhiteElo "2021"]
[BlackElo "2106"]
[PlyCount "42"]
[EventDate "2013.11.29"]
[EventType "swiss"]
[EventRounds "10"]
[EventCountry "ESP"]
[SourceTitle "CBM 157 Extra"]
[Source "ChessBase"]
[SourceDate "2013.12.19"]
[SourceVersion "1"]
[SourceVersionDate "2013.12.19"]
[SourceQuality "1"]

1. e4 c5 2. Nf3 Nc6 3. Bb5 g6 4. Bxc6 bxc6 5. e5 Bg7 6. h4 Nh6 7. d3 Ng4 8. Qe2 f6 9. h5 Nxe5 10. Nxe5 fxe5 11. hxg6 hxg6 12. Rxh8+ Bxh8 13. Qg4 Kf7 14. Qc4+ d5 15. Qxc5 Bf6 16. Qxc6 Be6 17. Nc3 Rc8 18. Qa4 Qh8 19. g4 Qh1+ 20. Ke2 d4 21. f3 Qg2+ 0-1

[Event "Benidorm op U2300 12th"]
[Site "Benidorm"]
[Date "2013.12.01"]
[Round "4"]
[White "Lopez Quevedo, Eduardo"]
[Black "Navarro Lopez Menchero, Daniel"]
[Result "0-1"]
[WhiteElo "2106"]
[BlackElo "2283"]
[PlyCount "36"]
[EventDate "2013.11.29"]
[EventType "swiss"]
[EventRounds "10"]
[EventCountry "ESP"]
[SourceTitle "CBM 157 Extra"]
[Source "ChessBase"]
[SourceDate "2013.12.19"]
[SourceVersion "1"]
[SourceVersionDate "2013.12.19"]
[SourceQuality "1"]

1. e4 c5 2. Ne2 e6 3. Nbc3 a6 4. d4 cxd4 5. Nxd4 b5 6. Be2 Bb7 7. Bf3 Qc7 8. 0-0 Nc6 9. Nxc6 dxc6 10. e5 Qxe5 11. Re1 Qc7 12. Bh5 Be7 13. Rxe6 g6 14. Qd4 fxe6 15. Qxh8 0-0-0 16. Qxh7 gxh5 17. Qxh5 b4 18. Ne4 Qe5 0-1

[Event "ESP-ch U16"]
[Site "Padron"]
[Date "2008.07.23"]
[Round "6"]
[White "Porras Mateo, Alejandra"]
[Black "Lopez Quevedo, Eduardo"]
[Result "0-1"]
[WhiteElo "1905"]
[BlackElo "1998"]
[PlyCount "64"]
[EventDate "2008.07.20"]
[EventType "swiss"]
[EventRounds "9"]
[EventCountry "ESP"]
[SourceTitle "EXT 2010"]
[Source "ChessBase"]
[SourceDate "2010.11.25"]
[SourceVersion "1"]
[SourceVersionDate "2010.11.25"]
[SourceQuality "1"]

1. e4 c5 2. Nc3 Nc6 3. g3 g6 4. Bg2 Bg7 5. d3 d6 6. f4 e6 7. Be3 Nge7 8. Nf3 0-0 9. 0-0 Nd4 10. e5 Nef5 11. Bf2 Nxf3+ 12. Qxf3 Nd4 13. Qd1 dxe5 14. fxe5 Bxe5 15. Ne4 f5 16. Nxc5 Qc7 17. Nb3 Nxb3 18. axb3 Bxb2 19. Ra2 Bg7 20. Qf3 g5 21. h3 e5 22. Qd5+ Kh8 23. Qb5 a6 24. Qb4 f4 25. gxf4 exf4 26. Re1 a5 27. Qa3 f3 28. Re7 Qf4 29. Re4 Qf7 30. Re7 Qf5 31. Bf1 g4 32. c4 Qg6 0-1

[Event "ESP-ch U16"]
[Site "Padron"]
[Date "2008.??.??"]
[Round "7"]
[White "Lopez Quevedo, Eduardo"]
[Black "Eguia Cambero, Ignacio Javier"]
[Result "1-0"]
[WhiteElo "1998"]
[BlackElo "1915"]
[PlyCount "85"]
[EventDate "2008.07.20"]
[EventType "swiss"]
[EventRounds "9"]
[EventCountry "ESP"]
[SourceTitle "EXT 2010"]
[Source "ChessBase"]
[SourceDate "2010.11.25"]
[SourceVersion "1"]
[SourceVersionDate "2010.11.25"]
[SourceQuality "1"]

1. Nc3 d5 2. d4 Bf5 3. f3 Nf6 4. Bg5 h6 5. Bxf6 exf6 6. e4 dxe4 7. fxe4 Bg6 8. Bd3 a6 9. Nf3 Nc6 10. Qd2 Be7 11. Qf2 0-0 12. a3 Re8 13. 0-0 Bh5 14. Ne2 Bd6 15. Rae1 Qd7 16. c3 Rad8 17. Ng3 Bxg3 18. Qxg3 Qd6 19. Qh3 Bg6 20. Nh4 Bh7 21. Nf5 Bxf5 22. Rxf5 Ne7 23. Rf3 Qb6 24. b4 Qc6 25. Bb1 Qa4 26. Ref1 Rf8 27. Qg3 Kh8 28. e5 f5 29. Qh4 Rde8 30. g4 Qb3 31. gxf5 Rg8 32. Rg3 Qd5 33. Be4 Qc4 34. Bd3 Qd5 35. f6 Ng6 36. Bxg6 fxg6 37. f7 Rgf8 38. fxe8Q Rxe8 39. Rxg6 Kh7 40. Rg2 Qe6 41. Qg4 Qg8 42. Qg6+ Kh8 43. Rf7 1-0

[Event "LSS RI-2006-0-00054"]
[Site "LSS email"]
[Date "2006.06.05"]
[Round "?"]
[White "Mitrovic, Sinisa"]
[Black "Lopez Quevedo, Eduardo"]
[Result "1-0"]
[WhiteElo "1772"]
[BlackElo "1537"]
[PlyCount "27"]
[EventDate "2006.05.25"]
[EventType "tourn (corr)"]
[EventRounds "6"]
[EventCountry "GER"]
[SourceTitle "Corr 2015"]
[Source "ChessBase"]
[SourceDate "2015.07.17"]
[SourceVersion "1"]
[SourceVersionDate "2015.07.17"]
[SourceQuality "1"]

1. d4 d5 2. c4 e6 3. Nc3 Nf6 4. cxd5 exd5 5. Bg5 Be7 6. e3 0-0 7. Bd3 c6 8. Nge2 Re8 9. Qc2 Ne4 10. Bxe7 Qxe7 11. 0-0 f5 12. Rae1 Nd7 13. f3 Nd6 14. Ng3 1-0

[Event "LSS OP-2006-0-00057"]
[Site "LSS email"]
[Date "2006.06.03"]
[Round "?"]
[White "Lopez Quevedo, Eduardo"]
[Black "Heupel, Helmut"]
[Result "0-1"]
[WhiteElo "1537"]
[BlackElo "1585"]
[PlyCount "28"]
[EventDate "2006.06.01"]
[EventType "match (corr)"]
[EventRounds "4"]
[EventCountry "GER"]
[SourceTitle "Corr 2015"]
[Source "ChessBase"]
[SourceDate "2015.07.17"]
[SourceVersion "1"]
[SourceVersionDate "2015.07.17"]
[SourceQuality "1"]

1. e4 e5 2. Nf3 Nf6 3. d4 Nxe4 4. Bd3 d5 5. Nxe5 Nd7 6. 0-0 Nxe5 7. dxe5 Nc5 8. Be2 Be7 9. Nc3 c6 10. f4 d4 11. Nb1 Bf5 12. Nd2 d3 13. cxd3 Nxd3 14. Qb3 Nxc1 0-1